000 00475cam a2200205ua 4500
001 9136
005 20260515114429.0
008 150221n ii |||gr||||Z||||||eng
020 _a9788191069037
040 _cMAIN
041 _aeng
082 _a320
100 _aPaul, K. C.,
_eAuthor.,
245 1 _aContemporary world politics
_cBy K. C. Paul
250 _a3rd.
260 _aGuwahati:
_bArun,
_c2013.
300 _a176p.
653 _aPolitical science
942 _cBK
999 _c8201
_d8201